Managing translation services

Saved in:
書目詳細資料
主要作者: Samuelsson-Brown, Geoffrey (Author)
格式: 圖書
語言:英语
出版: Clevedon Multilingual Matters Ltd 2006
叢編:Topics in Translations, 32
主題:
標簽: 添加標簽
沒有標簽, 成為第一個標記此記錄!

MARC

LEADER 00000cam a2200000 a 4500
001 UCE2214
003 CL-VaPUC
008 140619e20060000uk |||||||||||||||||eng|d
020 |a 1853599131 
082 0 4 |a 418.02  |b SAM  |2 21 
100 0 |a Samuelsson-Brown, Geoffrey  |e author  |9 574694 
245 1 0 |a Managing translation services 
300 |a 162 p 
942 |c BK 
945 |d 20140619 13:53:00  |a cmena 
260 |a Clevedon  |b Multilingual Matters Ltd  |c 2006 
650 0 |a Traducción e interpretación  |9 315998 
650 0 |a Análisis del discurso  |9 256696 
583 |a last modification  |c 20140626 01:45:32  |k Rodrigo Vera 
490 0 |a Topics in Translations, 32 
999 |c 355864  |d 355862 
952 |0 0  |1 0  |3 erb  |4 0  |6 418_020000000000000_SAM_2006  |7 0  |8 A  |9 462803  |a BIBEDU  |b BIBEDU  |i 5071011  |o 418.02 SAM 2006  |p 5071011  |r 2019-11-23  |w 2019-11-23  |y BK  |z Catalogado en:20140619  |k CIT